[Event "90th GER-ch 2019"]
[Site "Magdeburg"]
[Date "2019.05.29"]
[Round "5.6"]
[White "Paul, Johannes"]
[Black "Roseneck, Jonas"]
[Result "0-1"]
[WhiteElo "2364"]
[BlackElo "2403"]
[Annotator "TA"]
[PlyCount "214"]
[EventDate "2019.05.26"]
[EventType "tourn"]
[EventCountry "GER"]
[SourceTitle "playchess.com"]
[Source "ChessBase"]
[SourceQuality "1"]

{[%evp 11,214,18,27,20,35,28,18,2,19,19,19,12,17,26,22,17,33,21,16,29,24,34,22,27,27,21,16,32,33,31,45,27,20,26,26,19,19,0,6,-10,29,0,15,14,15,17,54,44,60,12,67,69,69,69,68,8,25,0,0,-24,-28,-20,0,0,83,83,83,83,83,83,83,83,83,83,83,74,79,58,62,52,52,52,52,52,52,0,0,0,52,52,66,66,90,90,90,90,90,90,90,90,66,52,66,0,90,79,90,66,66,66,90,90,90,90,90,90,90,90,90,67,87,72,90,0,90,90,90,18,24,0,90,0,90,81,90,0,90,0,90,90,90,0,0,0,0,0,0,0,15,16,16,0,16,16,16,0,16,0,22,16,23,0,16,16,23,16,16,16,16,0,7,0,16,16,23,23,23,-1829,-1809,-1531,-984,-700,-11317,-6553,-6444,-1087,-559,-419,-29955,-419,0,-461,-415,-382,-359,-981,-836,-29981,-29972,-29971,-29969,-29973,-29972,-29998,-29999]} 1. d4 Nf6 2. c4 g6 3. Nc3 d5 4. cxd5 Nxd5 5. Na4 Bg7 6. e4 Nf6 7. f3 {D85: Exchange Grünfeld: Unusual White 7th moves and lines with 7 Nf3} (7. Nc3 O-O 8. Nf3 c5 9. d5 e6 10. Be2 exd5 11. exd5 a6 12. a4 Qd6 13. O-O Bf5 14. Qb3 Ne4 15. Qxb7 Nxc3 16. bxc3 {0-1 (82) Rawski,S (2126)-Katafiasz,T (1919) Jastrzebia Gora 2018}) 7... Nbd7 8. Be3 O-O 9. Bd3 {The position is equal.} e5 $146 ({Predecessor:} 9... c6 10. Ne2 e5 11. O-O Re8 12. Qb3 b6 13. Rfd1 Bb7 14. Bc4 Qe7 {1-0 (34) Zulfic,F (1935)-Wedding,W (1404) Adelaide 2010}) 10. d5 Nb8 {[%cal Bd7b8,Bb8c6,Bc6d4][%mdl 32]} 11. Ne2 c6 12. dxc6 Nxc6 13. O-O b6 14. Rc1 Bb7 15. Nac3 Qe7 16. Qa4 Rfd8 17. Rfd1 Nd4 18. Ba6 Bxa6 19. Qxa6 Rd7 20. Bg5 {aiming for Nxd4.} ({But not} 20. Nxd4 exd4 21. Rxd4 (21. Bxd4 Nxe4 22. Qc4 Ng3 $17) 21... Rxd4 $15) 20... Qe6 21. Bxf6 Bxf6 22. Nd5 Rad8 23. Nxd4 exd4 24. Qd3 Bg7 25. Rc4 Qe5 26. Rdc1 Bh6 27. Rf1 Rxd5 28. exd5 Qxd5 29. f4 b5 30. Rc2 Re8 (30... Qxa2 $11 31. b3 Qa6) 31. Re2 $14 Rxe2 32. Qxe2 {[%mdl 4096] Endgame KQR-KQB} d3 33. Qe3 ({White should play} 33. Qe5 $14 Qxe5 34. fxe5) 33... Bg7 34. Qe8+ Bf8 35. Rd1 Qd4+ 36. Kh1 Qxf4 37. Qd8 Qe5 (37... Qf2 $11) 38. b3 $16 (38. Qxd3 Qxb2 39. Qd2 Qe5 $11) 38... Qe2 {[%cal Re2d1]} 39. Qxd3 Qxa2 40. Qxb5 Qc2 41. Rf1 (41. Qd3 {keeps more tension.} Qc5 42. Qe2 Bd6 43. Qd2 Bf8 44. Qc1) 41... Qc7 42. Qd5 Bd6 43. g3 Be5 44. Re1 (44. b4 {is interesting.} a6 45. Qa8+ Kg7 46. Qxa6 Bc3 47. Qd3) 44... Bf6 45. Re2 Kg7 46. Kg2 h5 47. Rf2 Qc3 48. Rf3 (48. h4 $14) 48... Qb2+ $1 $11 49. Rf2 (49. Kg1 $11) 49... Qc3 $1 $14 50. Qc4 Qe3 51. b4 $36 {[%cal Bb3b4,Bb4b5][%mdl 2080] White is pushing.} Qb6 52. b5 Qe3 53. Re2 Qb6 54. Rd2 {Hoping for Rd7!} Qb7+ 55. Qd5 Qe7 56. Kf2 Qc7 57. Kg2 (57. Ra2 $14) 57... Qb6 (57... Qe7 $11) 58. Rd3 Qc7 59. Qc6 Qe5 {And now ...Qe2+ would win.} 60. Rf3 Qb2+ 61. Rf2 Qd4 62. Qf3 Qe5 63. Qd3 Qa1 64. Qd5 Qc3 65. Ra2 Qe3 66. Qf3 Qd4 67. h3 (67. h4 $16) 67... Qc4 (67... h4 $1 $11 {remains equal.}) 68. Rf2 $1 $16 ({Don't play} 68. Rxa7 $6 Qc2+ 69. Kf1 Qc1+ 70. Kg2 Qc2+ 71. Kh1 h4 $11) 68... Qd4 69. Qf4 (69. Rf1 $16) 69... Qd5+ $1 $11 70. Qf3 (70. Kh2 $11 Be5 71. Qf3) 70... Qd4 $1 $16 71. Kh2 (71. h4 $16) 71... Qe5 (71... h4 $11 72. gxh4 Qxh4) 72. Qf4 Qe6 73. Qf3 (73. h4 $16) 73... Qe5 {[#]} (73... h4 $11) 74. Kh1 (74. h4 $1 $16) 74... Qa1+ {[#]} (74... Qe6 $11 {keeps the balance.}) 75. Rf1 $1 {[%cal Rf1a1]} Qe5 76. g4 (76. Kg2 $16) 76... hxg4 $11 77. hxg4 Qd4 78. Kg2 Qe5 79. Kh3 g5 80. Qd3 Qb2 81. Rf5 Qa1 82. Kg2 Qb2+ 83. Kh3 Qa1 84. Kg2 Qb2+ 85. Rf2 Qb4 86. Kh3 Qe1 87. Qf3 Qe5 88. Kg2 Qd4 89. Qf5 Qc3 90. Rc2 Qe3 91. Rf2 Qc3 92. Rf3 Qd2+ 93. Kh3 Qb2 94. Qd3 $2 {[%mdl 8192]} (94. Rf1 $11) 94... Be5 $19 {[%csl Ge5][%cal Rb2h2]} 95. Rxf7+ Kxf7 {[%csl Ge5][%cal Rb2h2]} 96. Qd7+ Kg6 {[%csl Ge5][%cal Rb2h2]} 97. Qe8+ Kf6 {[%csl Ge5][%cal Rb2h2]} 98. Qc6+ Ke7 {[%csl Ge5][%cal Rb2h2]} 99. Qc5+ Ke6 {[%csl Ge5][%cal Rb2h2]} 100. Qc4+ Kf6 {[%csl Ge5][%cal Rb2h2]} 101. Qc6+ Kg7 {[%csl Ge5][%cal Rb2h2]} 102. Qb7+ Kh6 {[%csl Ge5][%cal Rb2h2]} 103. Qa6+ $2 (103. Qc6+ Bf6 104. Qc5) 103... Bf6 104. Qxa7 Qxb5 {Black mates.} 105. Qe3 Qe5 106. Qa7 Qa1 107. Qd7 Qf1+ 0-1

[Event "90th GER-ch 2019"]
[Site "Magdeburg"]
[Date "2019.05.29"]
[Round "5.7"]
[White "Trifan, Andrei Ioan"]
[Black "Winterberg, Lukas"]
[Result "0-1"]
[WhiteElo "2268"]
[BlackElo "2376"]
[Annotator "TA"]
[PlyCount "122"]
[EventDate "2019.05.26"]
[EventType "tourn"]
[EventCountry "GER"]
[SourceTitle "playchess.com"]
[Source "ChessBase"]
[SourceQuality "1"]

{[%evp 14,122,23,-19,35,-3,8,-17,26,0,0,0,0,2,7,-13,-20,-18,-21,-22,14,-35,-22,-32,-32,-56,-10,-17,0,-12,0,0,0,0,0,0,15,0,12,0,0,0,0,-15,-12,-23,-25,-73,-66,-56,-36,-296,-295,-310,-272,-260,-272,-309,-290,-340,-343,-334,-329,-366,-350,-349,-342,-333,-326,-291,-245,-205,-210,-224,-225,-229,-216,-316,-292,-254,-235,-353,-316,-681,-679,-613,-365,-367,-367,-634,-634,-634,-634,-722,-660,-859,-871,-889,-883,-875,-875,-867,-862,-833,-812,-6394,-5982,-5851,-5733,-29985,-29986]} 1. e4 e6 2. d4 d5 3. Nc3 Bb4 4. e5 c5 5. a3 Ba5 6. b4 cxd4 7. Nb5 Bc7 8. Nf3 ({Don't play} 8. Nxd4 Bxe5 9. Ngf3 Bf6 $17) ({Reject} 8. Qxd4 Nc6 $15) 8... Bd7 {C18: French: 3 Nc3 Bb4: Main line: 7 h4 and 7 Qg4} ({Black should play} 8... Nc6 $11) (8... Nc6 9. Bf4 Nge7 10. Bd3 Ng6 11. Nxc7+ Qxc7 12. Bg3 Bd7 13. O-O Qb6 14. Qd2 Nce7 15. a4 a6 16. h4 h5 17. b5 {1-0 (43) Henriquez Villagra,C (2491)-Del Rio de Angelis,S (2534) Montcada 2016}) 9. Bb2 Ne7 $146 ({Predecessor:} 9... Bxb5 10. Bxb5+ Nd7 11. Bxd4 Ne7 12. h4 a6 13. Bxd7+ Qxd7 14. Qd3 Rc8 15. h5 Nf5 16. Bb2 {0-1 (38) Moore,J (2063)-Spence,D (2237) Southend 2009}) 10. Bd3 a6 {The position is equal.} 11. Nxc7+ Qxc7 12. Bxd4 Bb5 13. O-O Nd7 14. Bxb5 axb5 15. Qd3 Qc4 16. Rfb1 O-O 17. Rb3 Rfc8 (17... Nc6 {is more complex.} 18. Bb2 Rac8 19. Re1 Nb6 20. Bd4 Na4) 18. Rc3 Qxd3 19. cxd3 Rc6 20. Kf1 Rac8 21. Rac1 Rxc3 22. Rxc3 Rxc3 (22... Nc6 {seems wilder.} 23. Rc1 Kf8 24. Bb2 Ke7 25. Ke2 f6) 23. Bxc3 $11 {[%mdl 4096] Endgame KBN-KNN} Nc6 24. Ke2 Kf8 25. Ke3 Ke7 26. g4 f6 27. exf6+ gxf6 28. h4 e5 {And now ...d4+ would win.} 29. Ba1 Ke6 30. Nd2 {[#]} f5 $1 31. f3 Nf6 32. g5 $2 {[%mdl 8192]} (32. gxf5+ $15 Kxf5 33. d4) 32... d4+ $19 33. Kf2 Nh5 34. Nb3 b6 35. Nc1 Nf4 36. Kg3 Ne7 37. Bb2 Ned5 38. Nb3 Nxd3 39. Bxd4 exd4 40. Nxd4+ Ke5 41. Nxb5 N3f4 42. Kf2 Ne6 43. Kg3 Ng7 44. Kf2 f4 45. Kg2 (45. Ke1 $142) 45... Nf5 46. Kh3 Nfe3 47. Kh2 (47. Na7 {was worth a try.}) 47... Nc2 {aiming for ...Ne1.} 48. Kh3 $2 {[#]} (48. Kg1) 48... Ne1 49. h5 Kf5 50. g6 hxg6 51. hxg6 $2 (51. h6 Kf6 52. Nd4) 51... Kxg6 52. Nd4 Kf6 53. Kg4 Nd3 54. Kh4 Ne5 55. Kh3 Nc4 56. Nb5 Ke5 57. Kg2 Nd6 58. Na7 Kd4 59. Kh3 Kc4 60. Kg4 Kb3 61. Nc8 Nxc8 {Accuracy: White = 31%, Black = 72%.} 0-1

[Event "90th GER-ch 2019"]
[Site "Magdeburg"]
[Date "2019.05.29"]
[Round "5.8"]
[White "Stern, Rene"]
[Black "Wachinger, Nikolas"]
[Result "1-0"]
[WhiteElo "2538"]
[BlackElo "2311"]
[Annotator "TA"]
[PlyCount "128"]
[EventDate "2019.05.26"]
[EventType "tourn"]
[EventCountry "GER"]
[SourceTitle "playchess.com"]
[Source "ChessBase"]
[SourceQuality "1"]

{[%evp 13,128,7,16,16,11,3,11,16,8,21,51,52,62,30,59,39,63,52,60,42,61,54,66,29,43,0,0,0,0,0,0,0,4,0,8,0,0,0,7,0,0,0,0,-17,-12,-10,-5,-12,-9,-29,-25,-45,-7,-7,-13,-22,0,0,0,0,0,-13,-8,-8,99,100,86,83,156,135,141,131,160,112,113,116,116,116,106,91,150,150,145,145,145,145,247,246,266,227,221,200,182,181,170,166,237,230,280,189,325,314,371,377,356,348,463,463,399,241,456,449,414,413,29968,29967,29958]} 1. Nf3 d5 2. d4 Nf6 3. c4 e6 4. Nc3 dxc4 5. e3 a6 6. Bxc4 b5 7. Bb3 Bb7 8. O-O {D26: Queen's Gambit Accepted: 4 e3 e6 5 Bxc5 c5 sidelines} Nbd7 9. e4 (9. Qe2 c5 10. Rd1 Qb8 11. e4 cxd4 12. Nxd4 Bd6 13. g3 O-O 14. f3 Rc8 15. Be3 Nf8 16. Rac1 h5 17. Qd2 Rd8 18. Nce2 h4 19. Bg5 hxg3 20. Bxf6 gxf6 21. Qh6 {1-0 (31) Svidler,P (2756)-Shankland,S (2722) Hoogeveen 2018}) 9... b4 10. e5 {The position is equal.} bxc3 11. exf6 cxb2 12. fxg7 Bxg7 13. Bxb2 O-O 14. Rb1 Be4 15. Bc2 Bg6 16. Re1 $146 ({Predecessor:} 16. Bxg6 hxg6 {½-½ (44) Levin,F (2494)-Petkov,V (2484) Cutro 2010}) 16... Nb6 {[%cal Bd7b6,Bb6c4,Bc4d6,Bd6f5][%mdl 32]} 17. Ba3 Re8 18. Rb3 Qd5 19. Bxg6 hxg6 20. Qc2 Nc4 21. Bc1 Nd6 22. Be3 Rec8 23. Rc1 Nf5 {[%cal Rg7d4]} 24. Qc4 (24. Qd2 {is interesting.} Rcb8 25. Rbc3 Bf8 26. Qd3 Rb2 27. Rxc7 Bd6 28. R7c3) 24... Qxc4 25. Rxc4 Bf8 26. g4 Ne7 27. Ne5 Nd5 28. Nc6 Bd6 29. Kg2 Kg7 30. h3 a5 {[%cal Ba6a5,Ba5a4][%mdl 32]} 31. Bd2 a4 32. Rf3 Nb6 33. Rc2 a3 34. Bf4 Ra4 35. Be5+ Bxe5 36. Nxe5 f6 37. Nd3 Rxd4 38. Nc5 $36 {[%mdl 2048] White has the initiative.} Rc4 (38... Kf7 $11) 39. Rxc4 $16 Nxc4 {[%mdl 4096] Endgame KRN-KRN} 40. Rc3 Nb6 ({Black should try} 40... Nd6) 41. Nxe6+ Kf7 42. Nxc7 Ke7 43. Re3+ Kd7 44. Nb5 Rc5 45. Nxa3 Ra5 46. Kg3 Nd5 ({Better is} 46... Nc8 47. h4 Ne7) 47. Rd3 {[#] And now Nc4 would win.} Ke6 48. Nb1 Nb4 49. Re3+ Kd5 (49... Kf7 $16 50. a4 Rxa4) 50. Nc3+ $18 Kc4 51. Ne4 Ra6 52. a3 Nd5 53. Nd2+ Kd4 54. Rb3 Nc3 {[#]} (54... Ra8 {keeps fighting.} 55. h4 f5 56. Nf3+ Kc4) 55. h4 $1 Ne2+ 56. Kh2 Nc1 (56... Nc3 $142 57. Kh3 Ra5) 57. Rh3 Ne2 58. h5 gxh5 59. gxh5 Nf4 60. Rh4 Ke5 61. h6 {Strongly threatening Nc4+.} Ra8 $2 (61... Ng6 {was called for.} 62. h7 Ra8 63. Rh5+ Kf4) 62. Nc4+ Kf5 {intending ...Kg5.} 63. Ne3+ Ke4 (63... Ke5 $18 64. h7 Rh8) 64. Ng2 Kd5 {Accuracy: White = 65%, Black = 46%.} 1-0

[Event "90th GER-ch 2019"]
[Site "Magdeburg"]
[Date "2019.05.29"]
[Round "5.9"]
[White "Kardoeus, David"]
[Black "Pajeken, Jakob Leon"]
[Result "0-1"]
[WhiteElo "2202"]
[BlackElo "2359"]
[Annotator "TA"]
[PlyCount "58"]
[EventDate "2019.05.26"]
[EventType "tourn"]
[EventCountry "GER"]
[SourceTitle "playchess.com"]
[Source "ChessBase"]
[SourceQuality "1"]

{[%evp 19,57,0,25,-22,0,-35,-6,-30,-36,-38,-19,-18,-13,-104,-25,-248,-196,-390,-266,-377,-360,-558,-563,-535,-550,-541,-533,-2990,-2858,-29995,-29996,-29997,-29997,-29997,-29998,-29998,-29998,-29998,-29999,-29999]} 1. e4 e5 2. Nf3 Nc6 3. d4 exd4 4. Nxd4 Nf6 5. Nxc6 bxc6 6. e5 Qe7 7. Qe2 Nd5 8. c4 Nb6 9. Nc3 Ba6 10. Qe4 Qe6 {[%cal Ra6c4]} 11. f4 {C45: Scotch Game} (11. b3 Bb4 12. Bd2 Bxc3 13. Bxc3 d5 14. Qh4 dxc4 15. Be2 Nd5 16. Bxc4 g5 17. Qd4 Bxc4 18. Qxc4 Nf4 19. Qxe6+ fxe6 {½-½ (32) Tari,A (2620)-Bocharov,I (2563) St Petersburg 2018}) 11... Bb4 12. c5 $146 (12. f5 $5 {[%cal Rf5e6]} Qe7 13. Bd2 $11) ({Predecessor:} 12. f5 Bxc3+ 13. bxc3 Qe7 14. Bd3 Qc5 15. Be3 Qa3 16. O-O O-O-O 17. Rab1 d5 18. Qg4 Qxc3 {1-0 (34) Popist,F (1894)-Weihrauch,J (2065) Willingen 2018}) 12... Nc4 13. Kd1 {And now f5 would win.The position is equal.} Bxc3 $1 14. bxc3 f5 15. Qd4 {Black must now prevent Rb1.} Rb8 $36 {[%mdl 2048] Black is more active.} 16. Kc2 {[#]} (16. Ke1 $1 $11) 16... O-O ({Black should try} 16... Bb5 $1 $17 17. a4 Ba6) 17. h3 $2 {[#]} (17. Rb1 $1 $11) 17... d6 $1 $19 {[%cal Rd6e5]} 18. cxd6 $2 (18. Rb1 {was the only defense.}) 18... cxd6 19. Bxc4 (19. Rb1 $142 dxe5 20. Bxc4 Bxc4 21. Qxe5 Bd3+ 22. Kxd3 Qxe5 23. fxe5 Rxb1 24. e6) 19... Bxc4 20. Qxd6 {[#]} (20. Rb1 $142 Rbd8 21. Rb2) 20... Bb3+ $1 {[%mdl 512]} 21. axb3 Qxb3+ 22. Kd3 Rfd8 23. Ba3 Rxd6+ 24. Bxd6 Qd5+ {[%mdl 64] Double Attack. Black mates.} 25. Ke3 Qe4+ 26. Kf2 Rb2+ 27. Kg3 Rxg2+ 28. Kh4 Qxf4+ 29. Kh5 g6# {Accuracy: White = 14%, Black = 61%.} 0-1

[Event "90th GER-ch 2019"]
[Site "Magdeburg"]
[Date "2019.05.29"]
[Round "5.10"]
[White "Moeller, Dustin"]
[Black "Svane, Frederik"]
[Result "0-1"]
[WhiteElo "2156"]
[BlackElo "2342"]
[Annotator "RC"]
[PlyCount "100"]
[EventDate "2019.05.26"]
[EventType "tourn"]
[EventCountry "GER"]
[SourceTitle "playchess.com"]
[Source "ChessBase"]
[SourceQuality "1"]
[TimeControl "40/5400+30:1800+30"]

1. d4 {[%emt 0:00:00]} Nf6 {[%emt 0:00:00]} 2. c4 {[%emt 0:00:00]} g6 {[%emt 0:00:00]} 3. Nc3 {[%emt 0:00:00]} Bg7 {[%emt 0:00:01]} 4. e4 {[%emt 0:00:00]} d6 {[%emt 0:00:06]} 5. Be2 {[%emt 0:00:00]} O-O {[%emt 0:00:18]} 6. Nf3 {[%emt 0:00:00]} e5 {[%emt 0:00:10]} 7. O-O {[%emt 0:00:06]} Nc6 {[%emt 0:00:12]} 8. d5 {[%emt 0:00:05]} Ne7 {[%emt 0:00:10]} 9. Nd2 {[%emt 0:00:05]} a5 {[%emt 0:00:17]} 10. a3 {[%emt 0:00:11]} Nd7 {[%emt 0:00:41]} 11. Rb1 {[%emt 0:00:16]} f5 {[%emt 0:00:09]} 12. b4 {[%emt 0:01:11]} Nf6 {[%emt 0:01:27]} 13. f3 {[%emt 0:01:05]} axb4 {[%emt 0:08:51]} 14. axb4 {[%emt 0:00:02]} c6 {[%emt 0:01:13]} 15. Kh1 {[%emt 0:01:23]} h5 {[%emt 0:33:08]} 16. Nb3 {[%emt 0:08:46]} cxd5 {[%emt 0:02:06]} 17. cxd5 {[%emt 0:01:35]} f4 {[%emt 0:07:40]} 18. Bd2 {[%emt 0:01:46]} g5 {[%emt 0:00:54]} 19. Rc1 {[%emt 0:02:32]} Rf7 {[%emt 0:04:19]} 20. Nb5 {[%emt 0:01:54]} Ng6 {[%emt 0:00:22]} 21. Qc2 {[%emt 0:00:26]} Ne8 {[%emt 0:02:32]} 22. Ra1 {[%emt 0:11:30]} Rb8 {[%emt 0:05:10]} 23. Be1 {[%emt 0:05:00]} g4 {[%emt 0:03:56]} 24. Rg1 {[%emt 0:13:23]} Bh6 {[%emt 0:07:44]} 25. Na7 {[%emt 0:10:20]} Bd7 {[%emt 0:01:12]} 26. Bb5 {[%emt 0:00:36]} Rg7 {[%emt 0:00:22]} 27. Bxd7 {[%emt 0:02:21]} Qxd7 {[%emt 0:00:06]} 28. Qe2 {[%emt 0:03:15]} Nc7 {[%emt 0:04:12]} 29. Ra5 {[%emt 0:04:32]} Bg5 {[%emt 0:01:57]} 30. Nb5 {[%emt 0:05:04]} Ne8 {[%emt 0:05:02]} 31. Na7 {[%emt 0:10:28]} Bd8 {[%emt 0:00:42]} 32. Ra3 {[%emt 0:02:05]} Ra8 {[%emt 0:07:44]} 33. Nb5 {[%emt 0:00:20]} Rb8 {[%emt 0:00:10]} 34. Na7 {[%emt 0:01:06]} Ra8 {[%emt 0:00:21]} 35. Nb5 {[%emt 0:00:02]} Rxa3 {[%emt 0:01:06]} 36. Nxa3 {[%emt 0:00:02]} Nf6 {[%emt 0:02:17]} 37. Qb5 {[%emt 0:01:26]} Qe7 {[%emt 0:00:42]} 38. Na5 {[%emt 0:02:52]} Nh7 {[%emt 0:01:03]} 39. Nxb7 {[%emt 0:00:49]} Qxb7 {[%emt 0:00:23]} 40. Qe8+ {[%emt 0:00:05]} Ngf8 {[%emt 0:00:05]} 41. Qxd8 {[%emt 0:30:09]} gxf3 {[%emt 0:30:07]} 42. Qh4 {[%emt 0:04:41]} Qa6 {[%emt 0:00:00]} 43. gxf3 {[%emt 0:03:01]} Qxa3 {[%emt 0:00:00]} 44. Rxg7+ {[%emt 0:01:24]} Kxg7 {[%emt 0:00:00]} 45. Qxh5 {[%emt 0:01:19]} Qc1 {[%emt 0:00:00]} 46. Qg4+ {[%emt 0:00:52]} Ng6 {[%emt 0:00:00]} 47. Qg1 {[%emt 0:00:42]} Ng5 {[%emt 0:00:00]} 48. Bf2 {[%emt 0:00:20]} Qc2 {[%emt 0:00:00]} 49. h4 {[%emt 0:01:07]} Nxf3 {[%emt 0:00:00]} 50. Qg2 {[%emt 0:02:36]} Qd1+ {[%emt 0:00:00]} 0-1

[Event "90th GER-ch 2019"]
[Site "Magdeburg"]
[Date "2019.05.29"]
[Round "5.11"]
[White "Lubbe, Nikolas"]
[Black "Gungl, Theo"]
[Result "1-0"]
[WhiteElo "2431"]
[BlackElo "2331"]
[Annotator "TA"]
[PlyCount "59"]
[EventDate "2019.05.26"]
[EventType "tourn"]
[EventCountry "GER"]
[SourceTitle "playchess.com"]
[Source "ChessBase"]
[SourceQuality "1"]

{[%evp 13,59,14,27,24,29,40,39,17,15,7,9,9,29,33,43,56,63,64,72,53,82,62,79,110,100,70,85,73,122,138,120,96,181,181,241,236,430,409,386,336,752,738,29988,29989,29989,29990,29990,29991]} 1. Nf3 d5 2. g3 Nf6 3. Bg2 c6 4. c4 Bg4 5. Ne5 Be6 6. cxd5 Bxd5 7. Nf3 c5 8. Nc3 {A11: English Opening: 1...c6} Bc6 9. O-O e6 10. d3 {White is slightly better.} (10. Qc2 Be7 11. Rd1 O-O 12. d4 cxd4 13. Nxd4 Bxg2 14. Kxg2 Nbd7 15. Bg5 {½-½ (15) Svidler,P (2765)-Karjakin,S (2760) Riadh 2017}) 10... Be7 11. e4 O-O 12. Re1 Qb6 13. a4 $146 ({Predecessor:} 13. Ne5 Rd8 14. a4 Nbd7 15. a5 Qc7 16. Nxc6 bxc6 {½-½ (16) Marin,M (2583)-Balogh,C (2595) Arinsal 2009}) 13... a5 14. Ne5 Nfd7 15. Nc4 Qd8 16. Bf4 Na6 17. Nd5 Bg5 {[#]} 18. Bd6 $1 Re8 19. h4 Bh6 20. Nc3 $36 {[%cal Bd5c3,Bc3e4,Be4f6][%mdl 2080] Keeping Black busy.} Nb6 21. e5 Bxg2 22. Kxg2 Nxc4 (22... Nd5 $16 {might work better.}) 23. dxc4 $18 g6 (23... Nb8 $142 24. Ne4 (24. Bxc5 Bd2 $16) 24... Nd7) 24. Qf3 Qc8 $2 (24... Bg7 25. Qxb7 Qc8 26. Qxc8 Rexc8) 25. Ne4 Bg7 26. h5 {And now h6! would win.} ({Less strong is} 26. Ng5 Qd7 $16) 26... Nb4 $2 (26... Qc6 27. h6 {[%mdl 64] Deflection} Bxh6 28. Nf6+ {[%mdl 64] Double Attack} Kg7 29. Nxe8+ Rxe8 30. Qxc6 bxc6) 27. h6 {[%mdl 64] [#] Deflection} (27. hxg6 fxg6 28. Ng5 Qc6 $18) 27... Bxh6 28. Nf6+ {White mates.} Kg7 29. Rh1 Qc6 30. Rxh6 {[%mdl 64] Clearance. Accuracy: White = 82%, Black = 33%.} ({Weaker is} 30. Ne4 Nc2 $16) 1-0

[Event "90th GER-ch 2019"]
[Site "Magdeburg"]
[Date "2019.05.29"]
[Round "5.12"]
[White "Krastev, Alexander"]
[Black "Schulz, Karsten"]
[Result "0-1"]
[WhiteElo "2344"]
[BlackElo "2227"]
[Annotator "TA"]
[PlyCount "58"]
[EventDate "2019.05.26"]
[EventType "tourn"]
[EventCountry "GER"]
[SourceTitle "playchess.com"]
[Source "ChessBase"]
[SourceQuality "1"]

{[%evp 12,58,42,20,36,30,31,34,27,23,65,15,18,-20,39,15,30,33,2,11,10,12,46,6,10,8,15,0,0,0,0,0,0,0,0,-45,-44,-80,-73,-75,-76,-649,-652,-647,-641,-601,-577,-787,-799]} 1. e4 g6 2. d4 Bg7 3. Nc3 d6 4. f4 Nf6 5. Nf3 O-O 6. Bd3 Nc6 7. h3 Nb4 {B09: Pirc Defence: Austrian Attack} 8. Be2 (8. e5 Nxd3+ 9. Qxd3 Nd7 10. Be3 c5 11. O-O-O cxd4 12. Bxd4 dxe5 13. Bxe5 Bh6 14. Kb1 Qa5 15. Rhe1 {1-0 (27) Bulski,K (2534)-Kristiansen,J (2396) Helsingor 2013}) 8... d5 9. e5 $146 ({Predecessor:} 9. exd5 Bf5 10. Bd3 Bxd3 11. cxd3 Nfxd5 12. O-O Nc6 13. Qb3 Nb6 14. d5 Nd4 15. Nxd4 Bxd4+ {1-0 (30) Klem,D (2028)-Livic,R (2006) Zagreb 2009}) 9... Ne4 {White is slightly better.} 10. O-O c5 11. Kh2 Nc6 12. Bd3 (12. dxc5 {looks sharper.} Nxc3 13. bxc3 Qa5 14. Qxd5 Qxc3 15. Bd2) 12... Nxd4 (12... Nxc3 $11 13. bxc3 c4) 13. Nxd4 (13. Nxe4 {is interesting.} dxe4 14. Bxe4 f6 15. exf6 exf6 16. Nxd4 cxd4 17. Qf3) 13... cxd4 14. Nxe4 dxe4 15. Bxe4 f6 16. exf6 Bxf6 17. a4 Qc7 18. Qd3 Bg7 19. b3 Bf5 20. Bb2 e5 21. Bxf5 Rxf5 22. fxe5 Rxe5 {Strongly threatening ...Re3+.} 23. Kh1 Re3 24. Qd2 {[#]} Qe5 $1 25. Rad1 {[%cal Rb2d4] [#]} Qe4 $1 $36 {[%mdl 2048] White is under strong pressure.} 26. Qf2 $2 {[%mdl 8192]} (26. Rf2 $17) 26... Rf8 $19 {Black is clearly winning.} 27. Qd2 {intending Rxf8+.} Rxf1+ 28. Rxf1 Bh6 {White must now prevent ...Rxh3+.} 29. Kg1 Re2 {[%mdl 64] Discovered Attack. Accuracy: White = 39%, Black = 76%.} 0-1

[Event "90th GER-ch 2019"]
[Site "Magdeburg"]
[Date "2019.05.29"]
[Round "5.13"]
[White "Maetzkow, Maximilian Paul"]
[Black "Heimrath, Reiner"]
[Result "1-0"]
[WhiteElo "2338"]
[BlackElo "2239"]
[Annotator "TA"]
[PlyCount "107"]
[EventDate "2019.05.26"]
[EventType "tourn"]
[EventCountry "GER"]
[SourceTitle "playchess.com"]
[Source "ChessBase"]
[SourceQuality "1"]

{[%evp 15,133,40,45,6,44,42,38,43,52,29,40,17,27,24,31,15,36,4,8,0,5,-6,38,43,43,44,68,64,89,89,75,84,90,76,96,100,125,119,127,113,113,108,149,152,149,159,164,152,169,149,143,115,147,131,145,152,182,182,178,178,210,212,220,204,235,235,230,168,291,266,341,324,429,427,465,439,562,562,568,558,969,890,1032,1052,1158,1168,1297,1283,1251,1243,1439,1207,1426,1182,1307,1213,1112,1165,1188,1127,1966,1810,29960,29961,29963,29961,5986,5942,5934,5643,29978,29979,29979,29980,29981,29981,29981,29982,29982,29972]} 1. d4 Nf6 2. Nf3 g6 3. g3 Bg7 4. Bg2 O-O 5. O-O d6 6. c4 Nc6 7. Nc3 a6 8. b3 e5 9. Bb2 {E63: King's Indian: Fianchetto: Panno Variation with 7...a6} (9. dxe5 dxe5 10. Bg5 Be6 11. Qc1 Qc8 12. Bh6 Bh3 13. Nd5 Bxg2 14. Kxg2 Ne8 15. Rd1 f6 16. Bxg7 Nxg7 17. Qc3 {1-0 (58) Vaibhav,S (2597)-Merry,A (2435) Douglas 2018}) 9... Bg4 10. dxe5 dxe5 11. h3 {White is slightly better.} Bf5 12. Nd5 $146 ({Predecessor:} 12. Nh4 Be6 13. Nd5 g5 14. Nxf6+ Qxf6 15. Nf3 Qg6 16. Qd2 h6 {1-0 (36) Kaczorowska,B (2225)-Veroci,Z (2340) Brno 1989}) 12... Re8 13. Ne3 Be4 14. Qxd8 Raxd8 15. Rfd1 Rd7 16. Rxd7 Nxd7 17. Rd1 Nc5 18. Nd5 Ne6 19. Nc3 $36 {[%mdl 2048] White has good play.} Bxf3 20. Bxf3 Ned4 21. Bd5 e4 22. e3 Ne2+ 23. Nxe2 Bxb2 24. g4 Rd8 25. Ng3 Kf8 26. Rb1 Ba3 27. Nxe4 Nb4 {White should prevent ...c6.} 28. Bxb7 Rb8 29. Nc5 Ke7 30. Bf3 Rd8 31. Ne4 f5 32. gxf5 gxf5 33. Nc3 c6 34. Rd1 Rxd1+ 35. Bxd1 $16 {[%mdl 4096] Endgame KBN-KBN} Bb2 {[#]} 36. Ne2 $1 Nxa2 37. Bc2 Kf6 38. Ng3 f4 39. Nh5+ Ke7 40. Nxf4 Nc1 41. Kg2 Ba1 (41... Kd6 $142 42. h4 a5) 42. Kf3 Kd6 43. Ne2 ({Less strong is} 43. Bxh7 Nxb3 44. Bc2 Nc5 $18) 43... Na2 44. Bxh7 Kc5 45. Bb1 Nb4 46. h4 Bg7 {[#]} 47. Nd4 $1 {Ne6+ is the strong threat.} Kb6 (47... Bxd4 48. exd4+) 48. h5 c5 49. Ne6 Bh8 50. Be4 Na2 51. h6 Nc1 52. Bc2 Bf6 53. h7 Na2 {[#]} 54. Kf4 {Played: Ne6-g5} 1-0